000 00321nam a2200133Ia 4500
005 20260328101448.0
008 260328s9999||||xx |||||||||||||| ||und||
100 _aZumthor, Peter
245 0 _aPensar la Arquitectura /
_cPeter Zumthor
260 _bGustavo Gili
300 _a95 p.
650 _aARQUITECTURA
942 _cBK
999 _c8552
_d8552